000 00358nam a2200133Ia 4500
008 231129s1979||||xx |||||||||||||| ||spa||
020 _a84-226-1291-7
082 _a780.15 S744m
100 _aSpence Keith.
245 0 _aMúsica viva
260 _c1979
264 _aBarcelona: Circulo de lectores.
942 _2ddc
_cBKS
999 _c21539
_d21539